00224nam a2200097Ia 4500008004100000041001200041100001500053245004500068260000600113650000700119221030s9999 xx 000 0 und d aEnglish aA. Kinicki 0aOrganisational Behaviourcby A. Kinicki c0 aMb